MARC details
| 000 -CABECERA |
| campo de control de longitud fija |
01230nam a22002897a 4500 |
| 005 - FECHA Y HORA DE LA ÚLTIMA TRANSACCIÓN |
| campo de control |
20230307081032.0 |
| 008 - ELEMENTOS DE LONGITUD FIJA--INFORMACIÓN GENERAL |
| campo de control de longitud fija |
230210s2019 mx ||||| |||| 00| 0 spa d |
| 020 ## - NÚMERO INTERNACIONAL NORMALIZADO PARA LIBROS |
| Número Internacional Estándar del Libro |
9786075491233 |
| 040 ## - FUENTE DE LA CATALOGACIÓN |
| Centro catalogador/agencia de origen |
MX-MxUPN |
| Lengua de catalogación |
spa |
| Centro/agencia transcriptor |
MX-MxUPN |
| 050 #4 - SIGNATURA TOPOGRÁFICA DE LA BIBLIOTECA DEL CONGRESO |
| Número de clasificación |
F1234 P536 |
| Número de documento/Ítem |
A38 2019 |
| 245 ## - MENCIÓN DE TÍTULO |
| Título |
Ayala jënmä´äny |
| 246 3# - FORMA VARIANTE DE TÍTULO |
| Título propio/Titulo breve |
El Plan de Ayala en Mixe |
| 250 ## - MENCIÓN DE EDICIÓN |
| Mención de edición |
Primera edición |
| 260 ## - PUBLICACIÓN, DISTRIBUCIÓN, ETC. |
| Lugar de publicación, distribución, etc. |
Ciudad de México : |
| Nombre del editor, distribuidor, etc. |
Secretaría de Gobernación : |
| -- |
Instituto Nacional de Estudios Históricos de las Revoluciones de México : |
| -- |
Instituto Nacional de Lenguas Indígenas (INALI) : |
| -- |
Fondo de Cultura Económica, |
| Fecha de publicación, distribución, etc. |
2019. |
| 300 ## - DESCRIPCIÓN FÍSICA |
| Extensión |
46 páginas : |
| Otras características físicas |
ilustraciones, facsímiles |
| 490 ## - MENCIÓN DE SERIE |
| Mención de serie |
Clásicos del Zapatismo |
| 500 ## - NOTA GENERAL |
| Nota general |
Edición facsímilar de la de: Plan de Ayala, México, Segob, 1979 |
| 546 ## - NOTA DE IDIOMA |
| Nota de lengua/lenguaje |
Título y texto en mixe. |
| 600 10 - ASIENTO SECUNDARIO DE MATERIA - NOMBRE PERSONAL |
| Nombre de persona |
Zapata, Emiliano, |
| Fechas asociadas al nombre |
1879-1919 |
| 9 (RLIN) |
41757 |
| 630 #0 - ASIENTO SECUNDARIO DE MATERIA - TÍTULO UNIFORME |
| Título uniforme |
Plan de Ayala |
| Lenguaje de la obra |
Mixe |
| 9 (RLIN) |
47956 |
| 650 #0 - ASIENTO SECUNDARIO DE MATERIA - TERMINO TEMATICO |
| 9 (RLIN) |
47884 |
| Término de materia o nombre geográfico como elemento de entrada |
Tenencia de la tierra |
| Subdivisión geográfica |
México |
| Subdivisión general |
Historia |
| Subdivisión cronológica |
Siglo XX |
| 651 #0 - ASIENTO SECUNDARIO DE MATERIA - NOMBRE GEOGRAFICO |
| 9 (RLIN) |
45392 |
| Nombre geográfico |
México |
| Subdivisión general |
Historia |
| Subdivisión cronológica |
Revolución, 1910-1920 |
| Subdivisión de forma |
Fuentes |
| 700 1# - ASIENTO SECUNDARIO--NOMBRE DE PERSONAL |
| Nombre de persona |
Aguilar Gil, Yásnaya Elena |
| Término indicativo de función/relación |
traductora |
| 9 (RLIN) |
47955 |
| 902 ## - ELEMENTOS DE DATOS B LOCAL, LDB (RLIN) |
| Creó |
GabrielCapula/100223 |
| Modificó |
NoemiAcosta/270223 |
| 942 ## - ELEMENTOS DE PUNTO DE ACCESO ADICIONAL (KOHA) |
| Fuente del sistema de clasificación o colocación |
Library of Congress Classification |
| Tipo de ítem Koha |
Libro |
| Suprimir en OPAC |
No |